Członkowie Układu Antarktycznego - Statystyki

Ogólne statystyki
  • Ten quiz został rozwiązany 60 razy
  • Średni wynik to 40 z 54
Statystyki odpowiedzi
Państwa % Poprawnych
Polska
98%
Stany Zjednoczone
96%
Hiszpania
94%
Chile
92%
Francja
92%
Kanada
92%
Wielka Brytania
92%
Argentyna
90%
Dania
90%
Rosja
90%
Australia
88%
Chiny
88%
Niemcy
88%
Norwegia
88%
Republika Południowej Afryki
88%
Brazylia
87%
Nowa Zelandia
87%
Portugalia
87%
Belgia
85%
Japonia
85%
Szwecja
85%
Indie
83%
Islandia
83%
Włochy
83%
Finlandia
81%
Holandia
81%
Grecja
79%
Rumunia
79%
Słowacja
77%
Czechy
75%
Turcja
75%
Ukraina
75%
Kolumbia
73%
Korea Południowa
73%
Bułgaria
71%
Peru
71%
Urugwaj
69%
Węgry
69%
Austria
67%
Białoruś
67%
Pakistan
67%
Wenezuela
65%
Słowenia
63%
Szwajcaria
63%
Estonia
60%
Mongolia
58%
Kazachstan
56%
Ekwador
54%
Korea Północna
50%
Malezja
40%
Papua Nowa-Gwinea
37%
Kuba
35%
Monako
33%
Gwatemala
19%
Nie znaleziono quizów pasujących do podanych kryteriów
Rozkład punktacji
Procent ludzi z każdym wynikiem
Percentyl według liczby udzielonych odpowiedzi
Twoja historia wyników
Nie rozwiązałeś tego quizu